000 01381cam a2200409 i 4500
001 52224
003 KOSZ 005
005 20220926150630.0
008 051228s2005 pl a f f |001 0 pol
015 _aPB 2006/211
020 _a8372515646
040 _aWA N
_cWA N
_dKOSZ 005/HR
046 _k2005
080 _a657
080 _a658.14/.17
080 _a(075.8)
100 1 0 _aGołębiowski, Grzegorz
_d(1969- )
_eAutor
245 1 0 _aAnaliza ekonomiczno-finansowa w ujęciu praktycznym /
_cGrzegorz Gołębiowski, Agnieszka Tłaczała.
260 _aWarszawa :
_bCentrum Doradztwa i Informacji Difin,
_c2005.
300 _a222 s. :
_bil. ;
_c23 cm.
336 _2rdacontent
_aTekst
_btxt
337 _2rdamedia
_aBez urządzenia pośredniczącego
_bn
338 _2rdacarrier
_aWolumin
_bnc
380 _aKsiążki
388 _a2001-
504 _aBibliogr. przy rozdz. Indeks.
650 4 _aAnaliza ekonomiczna
650 4 _aAnaliza finansowa
650 4 _aFinanse przedsiębiorstwa
650 4 _aRachunkowość
655 4 _aPodręczniki akademickie
658 _aGospodarka, ekonomia, finanse
700 1 _aTłaczała, Agnieszka
_eAutor
710 2 _aDifin
_4pbl.
856 _uhttp://koha.tu.koszalin.pl/cgi-bin/koha/opac-detail.pl?biblionumber=52224
_yKatalog online BPK
942 _2UKD
_cKS
999 _c52224
_d52224